Normal view MARC view
  • M.N.Bandyopadhyay

Entry Personal Name

Number of records used in: 4

001 - CONTROL NUMBER

  • control field: 766

003 - CONTROL NUMBER IDENTIFIER

  • control field: NUST

005 - DATE AND TIME OF LATEST TRANSACTION

  • control field: 20170515165931.0

008 - FIXED-LENGTH DATA ELEMENTS

  • fixed length control field: 170515|| aca||aabn | a|a d

040 ## - CATALOGING SOURCE

  • Original cataloging agency: NUST
  • Transcribing agency: NUST

100 ## - HEADING--PERSONAL NAME

  • Personal name: M.N.Bandyopadhyay

670 ## - SOURCE DATA FOUND

  • Source citation: Work cat.: (NUST)24058: M.N.Bandyopadhyay, Introduction to Signals and System and Digital Signal Processing, c2005
© 2023 Central Library, National University of Sciences and Technology. All Rights Reserved.